| 000 | 00738nam a22002057a 4500 | ||
|---|---|---|---|
| 999 |
_c65692 _d65692 |
||
| 005 | 20240530110838.0 | ||
| 008 | 191208s20052008ua a f 000 0 ara d | ||
| 017 |
_a2005/3209 _bمصر. دار الكتب |
||
| 040 |
_aEG-CaGPL _cEG-CaGPL |
||
| 082 | 0 | 4 |
_221 _a920.06211 _bق/ف م |
| 100 | 0 | _aفتحى الابيارى | |
| 245 | 1 | 0 |
_aمنارة الثقافة : _bالاسكندرية / _cتاليف فتحى الابيارى |
| 250 | _aط.1 | ||
| 260 |
_aالقاهرة : _bالمجلس الاعلى للثقافة، _c2004 : 2008 |
||
| 300 |
_a3 جزء : _bايض. ؛ _c24 سم. |
||
| 650 | 0 | 7 |
_2qrmak _aالاسكندرية _vتاريخ _zمصر |
| 651 | _2qrmak | ||
| 942 |
_2ddc _cBK |
||